Caracterización del efecto del tiempo 1 y tiempo 2 en el proceso de adherencia de un polímero a un cable de nitinol
Shranjeno v:
| Glavni avtor: | |
|---|---|
| Format: | Knjiga |
| Jezik: | Spanish |
| Izdano: |
San José, Costa Rica
2016
|
| Teme: | |
| Oznake: |
Označite
Brez oznak, prvi označite!
|
MARC
| LEADER | 00000nam a22000007a 4500 | ||
|---|---|---|---|
| 003 | 012563 | ||
| 005 | 20221231144143.0 | ||
| 008 | 170301b2016 cr a|||| m||| 00| ||spa d | ||
| 040 | |c cru CEDI | ||
| 090 | |a TFG 7714 | ||
| 100 | |9 6772 |a Prado Villeda, Marcela | ||
| 245 | |a Caracterización del efecto del tiempo 1 y tiempo 2 en el proceso de adherencia de un polímero a un cable de nitinol | ||
| 260 | |a San José, Costa Rica |c 2016 | ||
| 300 | |a xii, 88 hojas ; ilustraciones a color | ||
| 500 | |a Proyecto de graduación (licenciatura en ingeniería química)--Universidad de Costa Rica. Facultad de Ingeniería. Escuela de Ingeniería Química | ||
| 650 | |x POLIMEROS |x TECNOLOGIA MEDICA |x CABLES GUIAS |9 6773 | ||
| 942 | |c TFG | ||
| 999 | |c 17680 |d 17680 | ||
